Informační systém ochrany přírody /

Další autoři: Škapec, Ludvík
Jazyk: Čeština
Vydáno: Praha : AOPK ČR, 2010
Témata:
Fyzický popis: 157 s. : barev. il., mapy ; 25 cm
Knihy
Uloženo v:
LEADER 01501nam a2200409 a 4500
001 nkc20102150740
003 CZ PrNK
005 20120509151333.0
007 ta
008 101117s2010 xr ab e f 001 0 cze
015 |a cnb002150740 
020 |a 978-80-87457-00-9  |q (kroužková vazba)  |z 978-808-7457-009 
035 |a (OCoLC)713791928 
040 |a OLA001  |b cze  |d BOA001 
043 |a e-xr--- 
072 7 |a 502  |x Životní prostředí a jeho ochrana  |2 Konspekt  |9 2 
080 |a 004.42ISOP  |2 MRF 
080 |a 502.17  |2 MRF 
080 |a (437.3)  |2 MRF 
080 |a (035)  |2 MRF 
245 0 0 |a Informační systém ochrany přírody /  |c Ludvík Škapec ... [et al.] 
260 |a Praha :  |b AOPK ČR,  |c 2010 
300 |a 157 s. :  |b barev. il., mapy ;  |c 25 cm 
504 |a Obsahuje bibliografii a rejstřík 
650 0 7 |a ISOP (informační systém ochrany přírody)  |7 ph633592  |z Česko  |2 czenas 
650 0 7 |a ochrana přírody  |7 ph115552  |z Česko  |2 czenas 
650 0 9 |a ISOP (information system of nature protection)  |z Czechia  |2 eczenas 
650 0 9 |a nature conservation  |z Czechia  |2 eczenas 
655 7 |a příručky  |7 fd133209  |2 czenas 
655 9 |a handbooks and manuals  |2 eczenas 
700 1 |a Škapec, Ludvík  |7 ola2011626843  |4 aut 
910 2 |a BOA001  |b 2-1260.538 
928 9 |a Agentura ochrany přírody a krajiny České republiky 
990 |a BK 
995 |a 01 
991 |b 201103  |c NOV  |e n 
996 6 |b 2610469108  |c 2-1260.538  |l MZK  |r Sklad / do 1 hodiny  |n 1  |p p.v.  |w 001170658  |u 000010  |a 1  |e BOA001  |j MZK50  |s P